UEFA Euro 1988 Final Soviet Union - Netherlands - Statistics

General Stats
  • This quiz has been taken 136 times
  • The average score is 8 of 26
Answer Stats
Players % Correct
Ruud Gullit ¹
99%
Marco van Basten ¹
97%
Frank Rijkaard
88%
Ronald Koeman
77%
Erwin Koeman
76%
Hans van Breukelen
43%
Igor Belanov
40%
Rinus Michels
37%
Jan Wouters
31%
Adri van Tiggelen
27%
Berry van Aerle
27%
Gerald Vanenburg
27%
Arnold Mühren
25%
Oleh Protasov
24%
Rinat Dasayev
19%
Oleksandr Zavarov
13%
Vasyl Rats
13%
Valeriy Lobanovskyi
11%
Anatoliy Demyanenko
9%
Sergei Aleinikov
9%
Sergei Baltacha
9%
Oleksiy Mykhaylychenko
8%
Hennadiy Lytovchenko
7%
Sergey Gotsmanov
7%
Vagiz Khidiyatullin
7%
Viktor Pasulko
7%
No matching quizzes found
Score Distribution
Percent of People with Each Score
Percentile by Number Answered
Your Score History
You have not taken this quiz